00351nam a2200121Ia 4500008004100000024001700041082001800058100001800076245005000094260002600144600002100170650003800191260210s9999 xx 000 0 und d a99B-BCS5Y-21 a004.67072 GHA aGhazala Taqee 0aDental Associates: patient appointment system aKarachi:bUITU,c1999 aComputer Science aBachelor of Computer Science (BS)